<?xml version="1.0" encoding="UTF-8"?>
<record
    xmlns:xsi="http://www.w3.org/2001/XMLSchema-instance"
    xsi:schemaLocation="http://www.loc.gov/MARC21/slim http://www.loc.gov/standards/marcxml/schema/MARC21slim.xsd"
    xmlns="http://www.loc.gov/MARC21/slim">

  <leader>02271nam a2200277   4500</leader>
  <controlfield tag="003">OSt</controlfield>
  <controlfield tag="005">20260514104036.0</controlfield>
  <controlfield tag="008">260514b        |||||||| |||| 00| 0 aze d</controlfield>
  <datafield tag="020" ind1=" " ind2=" ">
    <subfield code="a">9789952390537</subfield>
  </datafield>
  <datafield tag="040" ind1=" " ind2=" ">
    <subfield code="a">AZ-XaKU</subfield>
    <subfield code="b">aze</subfield>
    <subfield code="c">AZ-XaKU</subfield>
  </datafield>
  <datafield tag="041" ind1=" " ind2=" ">
    <subfield code="a">aze</subfield>
  </datafield>
  <datafield tag="050" ind1="0" ind2="4">
    <subfield code="a">KLE272 .N113 2023</subfield>
  </datafield>
  <datafield tag="100" ind1="1" ind2=" ">
    <subfield code="a">N&#x259;bili, F&#x259;rid,</subfield>
    <subfield code="e">m&#xFC;&#x259;llif.</subfield>
  </datafield>
  <datafield tag="245" ind1="1" ind2=" ">
    <subfield code="a">Vergi h&#xFC;ququ</subfield>
    <subfield code="b">: Az&#x259;rbaycan vergi h&#xFC;ququ m&#xFC;qayis&#x259;li v&#x259; beyn&#x259;lxalq vergitutma kontekstind&#x259;</subfield>
    <subfield code="c">/ F&#x259;rid N&#x259;bili</subfield>
  </datafield>
  <datafield tag="264" ind1=" " ind2=" ">
    <subfield code="a">&#x130;stanbul:</subfield>
    <subfield code="b">Bilnet Matbaac&#x131;l&#x131;k ve Yay&#x131;nc&#x131;l&#x131;k A.&#x15E;,</subfield>
    <subfield code="c">2023.</subfield>
  </datafield>
  <datafield tag="300" ind1=" " ind2=" ">
    <subfield code="a">545 s&#x259;hif&#x259; ;</subfield>
    <subfield code="c">26 sm.</subfield>
  </datafield>
  <datafield tag="336" ind1=" " ind2=" ">
    <subfield code="a">text</subfield>
    <subfield code="b">txt</subfield>
    <subfield code="2">rdacontent</subfield>
  </datafield>
  <datafield tag="337" ind1=" " ind2=" ">
    <subfield code="a">unmediated</subfield>
    <subfield code="b">n</subfield>
    <subfield code="2">rdamedia</subfield>
  </datafield>
  <datafield tag="338" ind1=" " ind2=" ">
    <subfield code="a">volume </subfield>
    <subfield code="b">nc</subfield>
    <subfield code="2">rdacarrier</subfield>
  </datafield>
  <datafield tag="504" ind1=" " ind2=" ">
    <subfield code="a">Bibloqrafiya: s. 524-544</subfield>
  </datafield>
  <datafield tag="505" ind1="0" ind2=" ">
    <subfield code="a">Giri&#x15F; -- 1. F&#x259;sil. Verginin tarixi v&#x259; f&#x259;ls&#x259;fi k&#xF6;kl&#x259;ri -- 2. F&#x259;sil. Verginin &#x259;saslar&#x131; -- 3. F&#x259;sil. Vergi h&#xFC;ququnun &#x259;saslar&#x131; -- 4. F&#x259;sil. G&#x259;lir vergisi -- 5. F&#x259;sil. &#x18F;m&#x259;k g&#x259;lirl&#x259;rinin vergiy&#x259; c&#x259;lb edilm&#x259;si -- 6. F&#x259;sil. Korporativ m&#x259;nf&#x259;&#x259;tin vergiy&#x259; c&#x259;lb edilm&#x259;si -- 8. F&#x259;sil. Yenid&#x259;n t&#x259;&#x15F;kil v&#x259; l&#x259;&#x11F;vin vergi aspektl&#x259;ri -- 9. F&#x259;sil. Beyn&#x259;lxalq vergitutma -- 10. F&#x259;sil. Vergid&#x259;n yan ke&#xE7;m&#x259;.</subfield>
  </datafield>
  <datafield tag="520" ind1=" " ind2=" ">
    <subfield code="a">M&#xFC;&#x259;llifin &#x259;s&#x259;r &#xFC;z&#x259;rind&#x259;ki b&#xFC;t&#xFC;n h&#xFC;quqlar&#x131; &#x259;qli m&#xFC;lkiyy&#x259;t &#xFC;zr&#x259; yerli v&#x259; beyn&#x259;lxalq qanunvericilik &#xE7;&#x259;r&#xE7;iv&#x259;sind&#x259; qorunur. Bu kitab&#x131;n he&#xE7; bir hiss&#x259;si m&#xFC;&#x259;llifin &#x259;vv&#x259;lc&#x259;d&#x259;n yaz&#x131;l&#x131; raz&#x131;l&#x131;&#x11F;&#x131; al&#x131;nmadan h&#x259;r hans&#x131; formada v&#x259; ya h&#x259;r hans&#x131; &#xFC;sulla, o c&#xFC;ml&#x259;d&#x259;n fotokopiya, s&#x259;syazma v&#x259; ya dig&#x259;r elektron v&#x259; ya mexaniki &#xFC;sullarla &#xE7;oxald&#x131;la, yay&#x131;la v&#x259; ya &#xF6;t&#xFC;r&#xFC;l&#x259; bilm&#x259;z. Bununla bel&#x259;, m&#xFC;&#x259;llif h&#xFC;quqlar&#x131; qanunvericiliyinin icaz&#x259; verdiyi h&#x259;dd&#x259; qeyri-kommersiya m&#x259;qs&#x259;dli istifad&#x259;l&#x259;rd&#x259; kitabdan q&#x131;sa sitat g&#x259;tirilm&#x259;sin&#x259; icaz&#x259; verilir. Kitab&#x131;n h&#x259;r hans&#x131; hiss&#x259;sinin istifad&#x259;si il&#x259; ba&#x11F;l&#x131; icaz&#x259; sor&#x11F;ular&#x131; &#xFC;&#xE7;&#xFC;n m&#xFC;&#x259;llifin f.nabili@caspianlegalcenter.az elektron po&#xE7;t &#xFC;nvan&#x131;na "Vergi H&#xFC;ququ kitab&#x131;. &#x130;caz&#x259;" ba&#x15F;l&#x131;&#x11F;&#x131; il&#x259; m&#xFC;raci&#x259;t ed&#x259; bil&#x259;rsiniz.
Kitabda yer alan h&#x259;r hans&#x131; fikir h&#xFC;quqi m&#x259;sl&#x259;h&#x259;t kimi q&#x259;bul edilm&#x259;m&#x259;li, vergid&#x259;n yay&#x131;nma m&#x259;qs&#x259;dl&#x259;ri &#xFC;&#xE7;&#xFC;n r&#x259;y v&#x259; ya m&#x259;nb&#x259; kimi istifad&#x259; edilm&#x259;m&#x259;lidir</subfield>
  </datafield>
  <datafield tag="650" ind1=" " ind2="7">
    <subfield code="2">AZ-XaKU</subfield>
  </datafield>
  <datafield tag="942" ind1=" " ind2=" ">
    <subfield code="c">BOOK</subfield>
  </datafield>
  <datafield tag="999" ind1=" " ind2=" ">
    <subfield code="c">478</subfield>
    <subfield code="d">478</subfield>
  </datafield>
  <datafield tag="952" ind1=" " ind2=" ">
    <subfield code="0">0</subfield>
    <subfield code="1">0</subfield>
    <subfield code="2">lcc</subfield>
    <subfield code="4">0</subfield>
    <subfield code="7">0</subfield>
    <subfield code="8">GC</subfield>
    <subfield code="a">KU</subfield>
    <subfield code="b">KU</subfield>
    <subfield code="d">2026-05-14</subfield>
    <subfield code="l">0</subfield>
    <subfield code="o">KLE272 .N113 2023</subfield>
    <subfield code="p">0000000357</subfield>
    <subfield code="r">2026-05-14 10:41:33</subfield>
    <subfield code="t">1</subfield>
    <subfield code="w">2026-05-14</subfield>
    <subfield code="y">BOOK</subfield>
  </datafield>
  <datafield tag="952" ind1=" " ind2=" ">
    <subfield code="0">0</subfield>
    <subfield code="1">0</subfield>
    <subfield code="2">lcc</subfield>
    <subfield code="4">0</subfield>
    <subfield code="7">0</subfield>
    <subfield code="8">GC</subfield>
    <subfield code="a">KU</subfield>
    <subfield code="b">KU</subfield>
    <subfield code="d">2026-05-14</subfield>
    <subfield code="l">0</subfield>
    <subfield code="o">KLE272 .N113 2023 c.2</subfield>
    <subfield code="p">0000000358</subfield>
    <subfield code="r">2026-05-14 10:42:10</subfield>
    <subfield code="t">2</subfield>
    <subfield code="w">2026-05-14</subfield>
    <subfield code="y">BOOK</subfield>
  </datafield>
  <datafield tag="952" ind1=" " ind2=" ">
    <subfield code="0">0</subfield>
    <subfield code="1">0</subfield>
    <subfield code="2">lcc</subfield>
    <subfield code="4">0</subfield>
    <subfield code="7">0</subfield>
    <subfield code="8">GC</subfield>
    <subfield code="a">KU</subfield>
    <subfield code="b">KU</subfield>
    <subfield code="d">2026-05-14</subfield>
    <subfield code="l">0</subfield>
    <subfield code="o">KLE272 .N113 2023 c.3</subfield>
    <subfield code="p">0000000359</subfield>
    <subfield code="r">2026-05-14 10:42:41</subfield>
    <subfield code="t">3</subfield>
    <subfield code="w">2026-05-14</subfield>
    <subfield code="y">BOOK</subfield>
  </datafield>
</record>
